| 000 | 01467cam a22003735a 4500 | ||
|---|---|---|---|
| 001 | 12951315 | ||
| 003 | EG-ScBUE | ||
| 005 | 20220822091649.0 | ||
| 008 | 020930t2002 ua abf f b 001 0 eng d | ||
| 020 | _a9774246918 | ||
| 020 | _a9789774246913 | ||
| 040 |
_aDLC _beng _erda _cDLC _dDLC _dEG-ScBUE |
||
| 043 | _af-ua--- | ||
| 082 | 0 | 4 |
_a709.6216 _bGAB _222 |
| 100 | 1 |
_aGabra, Gawdat, _eauthor. |
|
| 245 | 1 | 0 |
_aCoptic monasteries : _bEgypt's monastic art and architecture / _cGawdat Gabra ; with a historical overview by Tim Vivian. |
| 264 | 1 |
_aCairo ; _aNew York : _bThe American University in Cairo Press, _c[2002] |
|
| 264 | 4 | _cc2002 | |
| 300 |
_a142 pages, [16] pages of plates : _billustrations (some color), maps ; _c24 cm |
||
| 336 |
_2rdacontent _atext _btxt |
||
| 337 |
_2rdamedia _aunmediated _bn |
||
| 338 |
_2rdacarrier _avolume _bnc |
||
| 504 | _aIncludes bibliographical references and index. | ||
| 650 | 7 |
_aCoptic art. _2BUEsh |
|
| 650 | 7 |
_aCoptic monasteries. _2BUEsh |
|
| 651 | _2BUEsh | ||
| 653 |
_bENGGEN _cMay2019 |
||
| 655 |
_vReading book _934232 |
||
| 700 | 1 |
_aVivian, Tim, _eauthor of introduction, etc. _938333 |
|
| 856 | 4 | 1 |
_3Table of contents _uhttp://www.loc.gov/catdir/toc/fy034/2002319495.html |
| 856 | 4 | 2 |
_3Contributor biographical information _uhttp://www.loc.gov/catdir/enhancements/fy1409/2002319495-b.html |
| 856 | 4 | 2 |
_3Publisher description _uhttp://www.loc.gov/catdir/enhancements/fy1409/2002319495-d.html |
| 942 |
_2ddc _cBB |
||
| 999 |
_c27493 _d27464 |
||